[Event "Turkish Super League 2019"]
[Site "Konya"]
[Date "2019.07.18"]
[Round "2"]
[White "Gulbas, Cemil"]
[Black "Yaran, Siar"]
[Result "1/2-1/2"]
[WhiteElo "2380"]
[BlackElo "2197"]
[Annotator "NA"]
[PlyCount "89"]
[EventDate "2019.07.17"]
[EventType "team-tourn"]
[EventCountry "TUR"]
[SourceTitle "playchess.com"]
[Source "ChessBase"]
[SourceQuality "1"]
[TimeControl "40/5400+30:1800+30"]

1. Nf3 Nf6 2. c4 e6 3. g3 d5 4. Bg2 Be7 5. O-O O-O 6. d4 dxc4 7. Qc2 a6 8. Qxc4 b5 9. Qc2 Bb7 10. Bd2 Ra7 11. Rc1 Be4 12. Qb3 Nc6 13. e3 Qa8 14. Nc3 Bxf3 15. Bxf3 Nxd4 16. exd4 Qxf3 17. Nxb5 Qxb3 18. axb3 Rb7 19. Rxc7 Rxb5 20. Rxe7 Rxb3 21. Bc3 Ra8 22. Rc7 h6 23. Rc6 a5 24. Ra4 Nd5 25. Rc5 Kh7 26. Kf1 Kg6 27. Ke2 Rab8 28. Raxa5 Rxb2+ 29. Bxb2 Rxb2+ 30. Kf3 Rb3+ 31. Kg2 Rb4 32. Rxd5 exd5 33. Rxd5 Kf6 34. Kf3 Ke6 35. Ke4 Rb1 36. Re5+ Kd6 37. Ra5 Re1+ 38. Kf3 Rd1 39. Ke3 Re1+ 40. Kd2 Rb1 41. Ra7 {[%emt 1:33:30]} Ke6 {[%emt 1:54:30]} 42. Ra6+ {[%emt 0:00:30]} Kd5 {[%emt 0:00:30]} 43. Ra7 {[%emt 0:00:30]} Ke6 {[%emt 0:00:30]} 44. Ra6+ {[%emt 0:00:30]} Kd5 {[%emt 0:00:30]} 45. Ra7 {[%emt 0:00:30]} 1/2-1/2

[Event "Turkish Super League 2019"]
[Site "Konya"]
[Date "2019.07.18"]
[Round "2"]
[White "Buksa, Nataliya"]
[Black "Caglar, Sila"]
[Result "1-0"]
[WhiteElo "2379"]
[BlackElo "2306"]
[Annotator "TA"]
[PlyCount "119"]
[EventDate "2019.07.17"]
[EventType "team-tourn"]
[EventCountry "TUR"]
[SourceTitle "playchess.com"]
[Source "ChessBase"]
[SourceQuality "1"]

{[%evp 18,119,33,35,71,78,107,108,104,97,117,132,127,112,118,55,61,60,64,60,67,60,139,143,149,137,137,126,129,128,206,158,179,185,171,181,255,250,229,227,275,258,272,270,250,262,297,0,230,195,222,215,324,271,273,266,304,277,292,269,337,324,383,381,461,385,420,406,494,351,533,224,373,24,196,8,8,8,8,18,16,27,104,25,583,558,481,366,438,82,82,85,83,82,83,83,83,83,83,0,0,0,29995,29996]} 1. e4 c5 2. Nf3 e6 3. d4 cxd4 4. Nxd4 Nc6 5. Nc3 Qc7 6. Be2 Nf6 7. Be3 Be7 8. f4 d6 9. Qd2 a6 10. O-O-O Bd7 {B83: Sicilian Scheveningen: 6 Be2, lines without ...a6} 11. g4 Nxd4 12. Qxd4 e5 {White is better.} 13. Qd3 exf4 14. Bxf4 {Strongly threatening g5.} Be6 {[#]} 15. g5 $146 ({Predecessor:} 15. Qg3 Rc8 16. Bxd6 Bxd6 17. Qxd6 Qxd6 18. Rxd6 {1-0 (49) Shomoev,A (2578)-Pevzner,L (2396) Vladivostok 2015}) 15... Nd7 16. Bxd6 ({Better is} 16. h4 $16) 16... Bxd6 17. Qxd6 Qxd6 18. Rxd6 O-O-O 19. Rhd1 $36 {[%mdl 2048] White has good play.} Nc5 (19... Rde8 $14) 20. Rxd8+ $1 $16 Rxd8 21. Rxd8+ Kxd8 {[%mdl 4096] Endgame KBN-KBN} 22. Kd2 Bh3 {[#]} 23. Bc4 $1 b5 (23... Ne6 $16) 24. Bd5 ({Weaker is} 24. Bxf7 b4 $14) 24... b4 25. Ne2 Ke7 26. Ke3 Na4 (26... Nd7 {was worth a try.} 27. Nf4 Bg4) 27. b3 $18 Nb6 28. Kd4 a5 29. c4 bxc3 30. Nxc3 Nd7 31. Bc6 Nf8 32. Bd5 Nd7 $1 33. Nd1 f6 34. gxf6+ gxf6 (34... Nxf6 {was called for.} 35. Ne3 g5) 35. Nf2 Bf1 36. Ng4 Bh3 37. Nh6 Kd6 38. Bg8 Ne5 39. Ke3 ({Less strong is} 39. Bxh7 Nf3+ 40. Ke3 Nxh2 $18) 39... Nc6 40. Bxh7 Nb4 41. a4 Nc2+ 42. Kf4 Be6 43. h4 Nd4 (43... Bxb3 $142 44. Nf5+ Kd7) 44. h5 (44. Bg8 $142 Bxg8 45. Nxg8) 44... Ke7 (44... Bxb3 $142 45. Ke3 Nc6) 45. Bg6 $2 (45. Bg8 $18) 45... Kf8 $2 (45... Bxb3 $11 46. Ng4 Bxa4) 46. Ng4 $2 (46. e5 $18 Kg7 47. exf6+ Kxf6 48. b4 axb4 49. a5) 46... Ne2+ $11 47. Kf3 Ng1+ 48. Kg3 Ne2+ $1 49. Kh4 Kg7 (49... Bxb3 $11 50. Nxf6 Bxa4) 50. Be8 (50. e5 $16 fxe5 51. b4 (51. Nxe5 Bxb3 52. Kg5 Nc3 $11) 51... axb4 52. a5 (52. Nxe5 Nf4 $18)) 50... f5 $2 {[%mdl 8192]} (50... Bxb3 $11 51. h6+ Kh7) 51. exf5 Bxf5 52. Kg5 {And now h6+ would win.} Nd4 {intending ...Bxg4.} 53. Ne5 $2 (53. h6+ $18 {and the rest is easy.} Kg8 54. Ne5) 53... Bc2 $16 54. h6+ Kh7 55. Bg6+ Bxg6 56. Nxg6 {Nf8+ is the strong threat.} Nxb3 57. Nf8+ Kh8 58. Kg6 (58. Ne6 $16 {White threatens Kg6 and mate.} Nd2 59. Kh5) 58... Nc5 $11 59. Nh7 {White wants to mate with Ng5.} Nxa4 $2 {[%mdl 8192] [#]} (59... Ne4 $11) 60. Ng5 $1 {Accuracy: White = 51%, Black = 39%.} 1-0

[Event "Turkish Super League 2019"]
[Site "Konya"]
[Date "2019.07.18"]
[Round "2"]
[White "Arat, Ufuk Sezen"]
[Black "Quparadze, Giga"]
[Result "1/2-1/2"]
[WhiteElo "2376"]
[BlackElo "2499"]
[Annotator "ChessBase"]
[PlyCount "143"]
[EventDate "2019.07.17"]
[EventType "team-tourn"]
[EventCountry "TUR"]
[SourceTitle "playchess.com"]
[Source "ChessBase"]
[SourceQuality "1"]
[TimeControl "40/5400+30:1800+30"]

1. d4 {[%emt 0:00:30]} Nf6 {[%emt 0:00:30]} 2. c4 {[%emt 0:00:30]} e6 {[%emt 0:00:30]} 3. g3 {[%emt 0:00:00]} d5 {[%emt 0:00:00]} 4. Bg2 {[%emt 0:00:00]} Bb4+ {[%emt 0:00:00]} 5. Bd2 {[%emt 0:00:30]} Be7 {[%emt 0:00:00]} 6. Nf3 {[%emt 0:00:00]} O-O {[%emt 0:00:00]} 7. O-O {[%emt 0:00:00]} c6 {[%emt 0:00:00]} 8. Qc2 {[%emt 0:00:00]} a5 {[%emt 0:00:00]} 9. Bf4 {[%emt 0:07:00]} Nbd7 {[%emt 0:00:30]} 10. Rd1 {[%emt 0:03:30]} Nh5 {[%emt 0:00:30]} 11. Bc1 {[%emt 0:00:30]} f5 {[%emt 0:01:30]} 12. b3 {[%emt 0:03:30]} Nhf6 {[%emt 0:00:30]} 13. Ba3 {[%emt 0:00:30]} Ne4 {[%emt 0:00:30]} 14. e3 {[%emt 0:14:30]} Bxa3 {[%emt 0:00:30]} 15. Nxa3 {[%emt 0:09:30]} Qe7 {[%emt 0:01:30]} 16. Qb2 {[%emt 0:02:30]} Ndf6 {[%emt 0:00:00]} 17. Ne5 {[%emt 0:00:30]} Bd7 {[%emt 0:00:00]} 18. Nc2 {[%emt 0:01:30]} Be8 {[%emt 0:00:30]} 19. Ne1 {[%emt 0:07:30]} Bh5 {[%emt 0:00:00]} 20. f3 {[%emt 0:02:30]} Ng5 {[%emt 0:02:00]} 21. N1d3 {[%emt 0:02:30]} Nd7 {[%emt 0:00:00]} 22. Nxd7 {[%emt 0:06:30]} Qxd7 {[%emt 0:00:00]} 23. h4 {[%emt 0:02:30]} Nf7 {[%emt 0:04:30]} 24. Nf4 {[%emt 0:04:30]} g6 {[%emt 0:00:30]} 25. Qe2 {[%emt 0:03:30]} Rae8 {[%emt 0:00:30]} 26. g4 {[%emt 0:07:30]} fxg4 {[%emt 0:00:00]} 27. fxg4 {[%emt 0:00:00]} e5 {[%emt 0:00:00]} 28. Nxd5 {[%emt 0:01:00]} cxd5 {[%emt 0:01:30]} 29. gxh5 {[%emt 0:00:30]} e4 {[%emt 0:00:00]} 30. hxg6 {[%emt 0:02:13]} hxg6 {[%emt 0:00:00]} 31. cxd5 {[%emt 0:00:20]} Nh6 {[%emt 0:01:30]} 32. Rf1 {[%emt 0:03:14]} Qc7 {[%emt 0:00:00]} 33. Rxf8+ {[%emt 0:08:28]} Rxf8 {[%emt 0:00:00]} 34. Rf1 {[%emt 0:01:31]} Rxf1+ {[%emt 0:00:00]} 35. Qxf1 {[%emt 0:00:55]} Ng4 {[%emt 0:00:00]} 36. Qf4 {[%emt 0:00:40]} Qc1+ {[%emt 0:00:30]} 37. Bf1 {[%emt 0:00:04]} Qxe3+ {[%emt 0:01:30]} 38. Qxe3 {[%emt 0:00:30]} Nxe3 {[%emt 0:00:30]} 39. Kf2 {[%emt 0:01:59]} Nf5 {[%emt 0:03:30]} 40. Bh3 {[%emt 0:00:00]} Nxh4 {[%emt 0:00:00]} 41. d6 {[%emt 0:14:06]} Kf7 {[%emt 0:05:00]} 42. d7 {[%emt 0:00:30]} Ke7 {[%emt 0:00:00]} 43. Ke3 {[%emt 0:00:00]} Nf3 {[%emt 0:00:00]} 44. Bg4 {[%emt 0:02:00]} Ng5 {[%emt 0:00:30]} 45. Kf4 {[%emt 0:14:58]} Nh7 {[%emt 0:00:00]} 46. Ke5 {[%emt 0:01:08]} e3 {[%emt 0:01:00]} 47. d5 {[%emt 0:03:02]} Nf8 {[%emt 0:00:00]} 48. d6+ {[%emt 0:00:54]} Kd8 {[%emt 0:00:00]} 49. Kd4 {[%emt 0:00:18]} Nxd7 {[%emt 0:00:30]} 50. Kxe3 {[%emt 0:00:30]} Nf6 {[%emt 0:00:30]} 51. Be6 {[%emt 0:00:29]} Ne8 {[%emt 0:00:00]} 52. Kf4 {[%emt 0:01:57]} Nxd6 {[%emt 0:01:00]} 53. Kg5 {[%emt 0:00:01]} Ne4+ {[%emt 0:00:30]} 54. Kxg6 {[%emt 0:00:30]} Nc3 {[%emt 0:00:00]} 55. b4 {[%emt 0:01:32]} axb4 {[%emt 0:01:00]} 56. Kf5 {[%emt 0:00:14]} Kc7 {[%emt 0:00:30]} 57. Ke5 {[%emt 0:00:16]} b5 {[%emt 0:00:00]} 58. Bb3 {[%emt 0:00:50]} Kc6 {[%emt 0:00:00]} 59. Kd4 {[%emt 0:00:52]} Ne2+ {[%emt 0:00:30]} 60. Ke3 {[%emt 0:00:02]} Ng3 {[%emt 0:00:30]} 61. Kd4 {[%emt 0:00:37]} Nf5+ {[%emt 0:00:00]} 62. Ke5 {[%emt 0:00:50]} Ne7 {[%emt 0:00:00]} 63. Kd4 {[%emt 0:00:20]} Kd6 {[%emt 0:00:30]} 64. Ke4 {[%emt 0:00:30]} Kc5 {[%emt 0:00:00]} 65. Kd3 {[%emt 0:01:19]} Nc6 {[%emt 0:00:00]} 66. Ke4 {[%emt 0:00:51]} Na5 {[%emt 0:00:00]} 67. Kd3 {[%emt 0:00:16]} Nc4 {[%emt 0:00:00]} 68. Ke4 {[%emt 0:00:29]} Nd2+ {[%emt 0:00:30]} 69. Kd3 {[%emt 0:00:26]} Nxb3 {[%emt 0:00:30]} 70. axb3 {[%emt 0:00:30]} Kd5 {[%emt 0:00:30]} 71. Ke3 {[%emt 0:00:30]} Ke5 {[%emt 0:00:00]} 72. Kd3 {[%emt 0:00:00]} 1/2-1/2

[Event "Turkish Super League 2019"]
[Site "Konya"]
[Date "2019.07.18"]
[Round "2"]
[White "Can, Isik"]
[Black "Erdogan, Anil Berk"]
[Result "1-0"]
[WhiteElo "2374"]
[BlackElo "2116"]
[Annotator "NA"]
[PlyCount "87"]
[EventDate "2019.07.17"]
[EventType "team-tourn"]
[EventCountry "TUR"]
[SourceTitle "playchess.com"]
[Source "ChessBase"]
[SourceQuality "1"]
[TimeControl "40/5400+30:1800+30"]

1. e4 c5 2. Nf3 g6 3. c3 Bg7 4. d4 cxd4 5. cxd4 d5 6. exd5 Nf6 7. Bb5+ Nbd7 8. Nc3 O-O 9. Bxd7 Qxd7 10. Ne5 Qd6 11. Qf3 Qb4 12. O-O Qxd4 13. Re1 Bf5 14. Bg5 Rad8 15. Rad1 Qb4 16. Qe2 h6 17. Be3 Ne4 18. Bd4 Nxc3 19. bxc3 Qa4 20. c4 h5 21. Nf3 Rfe8 22. Bxg7 Kxg7 23. Nd4 Bc8 24. Nb5 e5 25. Nc7 e4 26. Nxe8+ Rxe8 27. d6 Bg4 28. Qb2+ Kh7 29. Rd4 Qa5 30. Qd2 Qxd2 31. Rxd2 Bd7 32. f3 f5 {[%emt 1:34:02]} 33. fxe4 {[%emt 1:37:42]} fxe4 {[%emt 0:00:30]} 34. Rd4 {[%emt 0:00:30]} Bc6 {[%emt 0:00:30]} 35. d7 {[%emt 0:00:30]} Rd8 {[%emt 0:00:30]} 36. Red1 {[%emt 0:00:30]} Kg7 {[%emt 0:00:30]} 37. Kf2 {[%emt 0:00:00]} e3+ {[%emt 0:00:00]} 38. Kxe3 {[%emt 0:00:00]} Bxg2 {[%emt 0:00:00]} 39. Kf4 {[%emt 0:00:00]} Kf7 {[%emt 0:00:00]} 40. Kg5 {[%emt 0:00:00]} Bh3 {[%emt 0:00:00]} 41. Rd6 {[%emt 0:04:18]} Bf5 {[%emt 0:15:28]} 42. c5 {[%emt 0:00:30]} Ke7 {[%emt 0:02:30]} 43. Re1+ {[%emt 0:00:30]} Kf7 {[%emt 0:00:30]} 44. Rf6+ {[%emt 0:00:30]} 1-0

[Event "Turkish Super League 2019"]
[Site "Konya"]
[Date "2019.07.18"]
[Round "2"]
[White "Ozer, Omer Faruk"]
[Black "Sevgi, Volkan"]
[Result "1-0"]
[WhiteElo "2369"]
[BlackElo "2302"]
[Annotator "NA"]
[PlyCount "81"]
[EventDate "2019.07.17"]
[EventType "team-tourn"]
[EventCountry "TUR"]
[SourceTitle "playchess.com"]
[Source "ChessBase"]
[SourceQuality "1"]
[TimeControl "40/5400+30:1800+30"]

1. e4 c6 2. d4 d5 3. exd5 cxd5 4. Bd3 Nc6 5. c3 Nf6 6. Bf4 g6 7. Nf3 Bf5 8. Be2 Bg7 9. O-O O-O 10. Re1 a6 11. Nbd2 Ne4 12. Nh4 e6 13. Nxf5 gxf5 14. Nb3 Ne7 15. f3 Nd6 16. Bg5 h6 17. Bh4 Qc7 18. Bd3 Ng6 19. Bg3 Qe7 20. Nc5 f4 21. Bf2 Qg5 22. Qc2 Nh4 23. Bxh4 Qxh4 24. a4 Kh8 25. a5 Bf6 26. Qf2 Qh5 27. Qd2 Qg5 28. Ra4 Rg8 29. Rb4 Rg7 30. Nxb7 Nxb7 31. Rxb7 Rag8 32. Kh1 {[%emt 1:45:13]} Qh4 {[%emt 1:41:00]} 33. Rf1 {[%emt 0:00:30]} e5 {[%emt 0:00:30]} 34. dxe5 {[%emt 0:00:30]} Bxe5 {[%emt 0:05:11]} 35. Bxa6 {[%emt 0:00:31]} Qh5 {[%emt 0:00:30]} 36. Bd3 {[%emt 0:00:30]} Bd6 {[%emt 0:00:30]} 37. a6 {[%emt 0:00:30]} Bc5 {[%emt 0:00:30]} 38. Qxf4 {[%emt 0:00:30]} Qh3 {[%emt 0:00:30]} 39. g4 {[%emt 0:00:30]} Qh4 {[%emt 0:00:30]} 40. Rxf7 {[%emt 0:00:30]} Bd6 {[%emt 0:00:30]} 41. Rxg7 {[%emt 0:30:30]} 1-0

[Event "Turkish Super League 2019"]
[Site "Konya"]
[Date "2019.07.18"]
[Round "2"]
[White "Tarlabasi, Emirhan"]
[Black "Keler, Faruk"]
[Result "1-0"]
[WhiteElo "2352"]
[BlackElo "2263"]
[Annotator "NA"]
[PlyCount "105"]
[EventDate "2019.07.17"]
[EventType "team-tourn"]
[EventCountry "TUR"]
[SourceTitle "playchess.com"]
[Source "ChessBase"]
[SourceQuality "1"]
[TimeControl "40/5400+30:1800+30"]

1. d4 d5 2. c4 e6 3. Nc3 Nf6 4. Nf3 Be7 5. Bf4 O-O 6. e3 c5 7. dxc5 Bxc5 8. cxd5 exd5 9. Bd3 Nc6 10. O-O Bg4 11. h3 Bh5 12. g4 Bg6 13. Bxg6 fxg6 14. Qb3 Bb4 15. Rad1 Bxc3 16. bxc3 Na5 17. Qb5 a6 18. Qd3 Nc4 19. Qd4 Ne4 20. Ne5 Rc8 21. Nxc4 Rxc4 22. Qxd5+ Qxd5 23. Rxd5 Nxc3 24. Rd2 h5 25. gxh5 gxh5 26. f3 Rf5 27. h4 Rd5 28. Rxd5 Nxd5 29. Bg5 Ra4 30. Rd1 Nc3 31. Rd8+ Kh7 32. Rd7 b5 33. Bf6 Ne2+ 34. Kf1 Rxa2 35. Rxg7+ Kh6 36. Rg2 Nc1 {[%emt 1:11:00]} 37. Bb2 {[%emt 1:13:30]} b4 {[%emt 0:00:30]} 38. Bxc1 {[%emt 0:00:30]} Ra1 {[%emt 0:00:30]} 39. Rc2 {[%emt 0:00:30]} b3 {[%emt 0:00:30]} 40. Rc6+ {[%emt 0:00:30]} Kh7 {[%emt 0:00:30]} 41. Ke2 {[%emt 0:30:30]} a5 {[%emt 0:30:30]} 42. Kd3 {[%emt 0:05:30]} Ra2 {[%emt 0:11:30]} 43. Rb6 {[%emt 0:05:30]} a4 {[%emt 0:06:30]} 44. Rb4 {[%emt 0:05:30]} Ra1 {[%emt 0:10:52]} 45. Bb2 {[%emt 0:01:10]} Rb1 {[%emt 0:00:08]} 46. Kc3 {[%emt 0:02:26]} Re1 {[%emt 0:00:06]} 47. Re4 {[%emt 0:05:52]} Re2 {[%emt 0:00:19]} 48. Ba3 {[%emt 0:01:49]} Rc2+ {[%emt 0:05:04]} 49. Kd3 {[%emt 0:01:09]} Rf2 {[%emt 0:02:23]} 50. Rxa4 {[%emt 0:01:37]} Rxf3 {[%emt 0:00:06]} 51. Rb4 {[%emt 0:00:13]} Rh3 {[%emt 0:00:11]} 52. Rb7+ {[%emt 0:00:11]} Kg6 {[%emt 0:00:06]} 53. Be7 {[%emt 0:00:34]} 1-0

[Event "Turkish Super League 2019"]
[Site "Konya"]
[Date "2019.07.18"]
[Round "2"]
[White "Savina, Anastasia"]
[Black "Yildiz Kadioglu, Betul Cemre"]
[Result "1/2-1/2"]
[WhiteElo "2344"]
[BlackElo "2290"]
[Annotator "NA"]
[PlyCount "73"]
[EventDate "2019.07.17"]
[EventType "team-tourn"]
[EventCountry "TUR"]
[SourceTitle "playchess.com"]
[Source "ChessBase"]
[SourceQuality "1"]
[TimeControl "40/5400+30:1800+30"]

1. d4 {[%emt 0:00:30]} d5 {[%emt 0:00:30]} 2. c4 {[%emt 0:00:30]} dxc4 {[%emt 0:00:00]} 3. Nf3 {[%emt 0:00:00]} Nf6 {[%emt 0:00:00]} 4. e3 {[%emt 0:01:00]} e6 {[%emt 0:00:30]} 5. Bxc4 {[%emt 0:00:00]} c5 {[%emt 0:00:30]} 6. O-O {[%emt 0:00:00]} a6 {[%emt 0:00:00]} 7. Nc3 {[%emt 0:01:30]} b5 {[%emt 0:01:00]} 8. Be2 {[%emt 0:00:30]} Bb7 {[%emt 0:00:30]} 9. dxc5 {[%emt 0:00:30]} Bxc5 {[%emt 0:00:00]} 10. Qxd8+ {[%emt 0:01:30]} Kxd8 {[%emt 0:00:00]} 11. Nd2 {[%emt 0:00:30]} Ke7 {[%emt 0:00:00]} 12. Nb3 {[%emt 0:00:30]} Bd6 {[%emt 0:00:00]} 13. Na5 {[%emt 0:00:30]} Ra7 {[%emt 0:00:00]} 14. Nxb7 {[%emt 0:15:30]} Rxb7 {[%emt 0:00:00]} 15. a4 {[%emt 0:05:30]} b4 {[%emt 0:07:30]} 16. Nb1 {[%emt 0:00:30]} a5 {[%emt 0:05:30]} 17. Nd2 {[%emt 0:00:30]} Nbd7 {[%emt 0:01:30]} 18. Nb3 {[%emt 0:17:30]} Bc7 {[%emt 0:02:30]} 19. Bf3 {[%emt 0:16:30]} Rbb8 {[%emt 0:04:30]} 20. Bd2 {[%emt 0:13:30]} Bb6 {[%emt 0:15:30]} 21. Rfd1 {[%emt 0:03:30]} Ne5 {[%emt 0:03:30]} 22. Be2 {[%emt 0:00:30]} Rhd8 {[%emt 0:01:30]} 23. Rac1 {[%emt 0:05:06]} Ne4 {[%emt 0:04:30]} 24. Kf1 {[%emt 0:03:38]} Rbc8 {[%emt 0:06:30]} 25. Rxc8 {[%emt 0:07:16]} Nxd2+ {[%emt 0:10:30]} 26. Rxd2 {[%emt 0:01:52]} Rxc8 {[%emt 0:00:00]} 27. Bb5 {[%emt 0:01:10]} Rc7 {[%emt 0:04:00]} 28. Ke2 {[%emt 0:00:53]} Ng4 {[%emt 0:05:30]} 29. h3 {[%emt 0:01:14]} Nf6 {[%emt 0:00:30]} 30. Kd3 {[%emt 0:01:52]} Rc8 {[%emt 0:02:30]} 31. Ke2 {[%emt 0:00:55]} Rc7 {[%emt 0:01:30]} 32. Bd3 {[%emt 0:00:13]} Nd7 {[%emt 0:02:30]} 33. Rc2 {[%emt 0:00:46]} Nc5 {[%emt 0:03:59]} 34. Nxc5 {[%emt 0:00:40]} Rxc5 {[%emt 0:00:07]} 35. Rxc5 {[%emt 0:00:23]} Bxc5 {[%emt 0:00:24]} 36. f4 {[%emt 0:00:25]} h6 {[%emt 0:00:31]} 37. Bc4 {[%emt 0:00:35]} 1/2-1/2

[Event "Turkish Super League 2019"]
[Site "Konya"]
[Date "2019.07.18"]
[Round "2"]
[White "Kamer, Kayra"]
[Black "Tanriverdi, Enes"]
[Result "1/2-1/2"]
[WhiteElo "2340"]
[BlackElo "2374"]
[Annotator "NA"]
[PlyCount "121"]
[EventDate "2019.07.17"]
[EventType "team-tourn"]
[EventCountry "TUR"]
[SourceTitle "playchess.com"]
[Source "ChessBase"]
[SourceQuality "1"]
[TimeControl "40/5400+30:1800+30"]

1. e4 c5 2. Nf3 e6 3. c3 Nf6 4. e5 Nd5 5. d4 cxd4 6. cxd4 d6 7. a3 Be7 8. Bd3 O-O 9. O-O dxe5 10. Nxe5 Nc6 11. Nxc6 bxc6 12. Qc2 h6 13. Qxc6 Rb8 14. Qc2 Bb7 15. Nc3 Bd6 16. Ne4 Bc7 17. Qe2 Ba8 18. Rd1 Qe7 19. Nc5 Rbd8 20. Qe4 Nf6 21. Qh4 Rd5 22. Ne4 Bd8 23. Nxf6+ Qxf6 24. Qxf6 Bxf6 25. Be3 Rfd8 26. Be4 Rb5 27. Bxa8 Rxa8 28. Rd2 Rab8 29. b4 a5 30. bxa5 Rxa5 31. Rd3 Ra4 32. Kf1 Rb2 33. Rc1 Ra2 34. Rc8+ Kh7 35. Rcc3 g5 36. g4 Kg6 37. h3 h5 38. Rb3 Ra1+ 39. Kg2 hxg4 40. hxg4 Be7 41. Rb6 R1xa3 42. Rxa3 Bxa3 43. d5 Rxg4+ 44. Kf3 Rg1 {[%emt 1:39:00]} 45. Ke2 {[%emt 1:56:30]} Bc1 {[%emt 0:20:30]} 46. Rb1 {[%emt 0:01:30]} Bxe3 {[%emt 0:00:30]} 47. Rxg1 {[%emt 0:00:30]} Bf4 {[%emt 0:00:00]} 48. Rd1 {[%emt 0:01:30]} exd5 {[%emt 0:00:00]} 49. Rxd5 {[%emt 0:00:00]} f6 {[%emt 0:00:00]} 50. Kf3 {[%emt 0:00:00]} Kh5 {[%emt 0:00:00]} 51. Ke4 {[%emt 0:00:30]} Kg4 {[%emt 0:00:30]} 52. Rf5 {[%emt 0:00:30]} Be5 {[%emt 0:00:00]} 53. Rf3 {[%emt 0:00:30]} Bf4 {[%emt 0:01:00]} 54. Rb3 {[%emt 0:00:00]} f5+ {[%emt 0:00:30]} 55. Kd5 {[%emt 0:00:00]} Bd2 {[%emt 0:00:30]} 56. Ke5 {[%emt 0:00:30]} f4 {[%emt 0:00:00]} 57. f3+ {[%emt 0:00:00]} Kg3 {[%emt 0:01:00]} 58. Kf5 {[%emt 0:01:00]} Be3 {[%emt 0:00:30]} 59. Ke4 {[%emt 0:00:30]} g4 {[%emt 0:00:30]} 60. fxg4 {[%emt 0:00:30]} Kxg4 {[%emt 0:00:00]} 61. Rxe3 {[%emt 0:00:00]} 1/2-1/2

[Event "Turkish Super League 2019"]
[Site "Konya"]
[Date "2019.07.18"]
[Round "2"]
[White "Secer, Ata"]
[Black "Firat, Burak"]
[Result "0-1"]
[WhiteElo "2324"]
[BlackElo "2463"]
[Annotator "ChessBase"]
[PlyCount "100"]
[EventDate "2019.07.17"]
[EventType "team-tourn"]
[EventCountry "TUR"]
[SourceTitle "playchess.com"]
[Source "ChessBase"]
[SourceQuality "1"]
[TimeControl "40/5400+30:1800+30"]

1. e4 c5 2. Nf3 d6 3. Bb5+ Nd7 4. d4 cxd4 5. Qxd4 a6 6. Bxd7+ Bxd7 7. O-O Nf6 8. c4 g6 9. Nc3 Bg7 10. Be3 O-O 11. Qd3 b5 12. cxb5 axb5 13. Bd4 e5 14. Be3 b4 15. Nd5 Nxd5 16. Qxd5 Be6 17. Qd2 Bxa2 18. Qxb4 Qb8 19. Qd2 d5 20. exd5 Rd8 21. Qe2 Bxd5 22. Rxa8 Bxa8 23. Rd1 Rxd1+ 24. Qxd1 e4 25. Nd4 Qxb2 26. Ne2 Qa1 27. Qxa1 Bxa1 28. Bd4 Bxd4 29. Nxd4 Kg7 30. f3 exf3 31. gxf3 Kf6 32. Kf2 Ke5 33. Ne2 Bd5 34. Ke3 Bc4 35. Ng3 g5 {[%emt 1:44:17]} 36. Nh5 {[%emt 1:40:25]} Kf5 {[%emt 0:00:30]} 37. Ng3+ {[%emt 0:00:30]} Kg6 {[%emt 0:00:00]} 38. f4 {[%emt 0:00:00]} g4 {[%emt 0:00:00]} 39. f5+ {[%emt 0:00:00]} Kg5 {[%emt 0:00:00]} 40. Ne4+ {[%emt 0:00:00]} Kh4 {[%emt 0:00:00]} 41. Kf4 {[%emt 0:17:35]} h5 {[%emt 0:08:43]} 42. Ng3 {[%emt 0:14:39]} Bd3 {[%emt 0:05:30]} 43. Ke3 {[%emt 0:00:14]} Bc2 {[%emt 0:03:17]} 44. Kf4 {[%emt 0:00:20]} Bb1 {[%emt 0:00:00]} 45. Nf1 {[%emt 0:05:46]} Kh3 {[%emt 0:05:15]} 46. Ng3 {[%emt 0:00:53]} h4 {[%emt 0:00:59]} 47. Nf1 {[%emt 0:01:49]} Bd3 {[%emt 0:01:01]} 48. Ne3 {[%emt 0:00:27]} Be2 {[%emt 0:00:47]} 49. Kg5 {[%emt 0:00:51]} g3 {[%emt 0:01:02]} 50. hxg3 {[%emt 0:00:44]} Kxg3 {[%emt 0:00:17]} 0-1

[Event "Turkish Super League 2019"]
[Site "Konya"]
[Date "2019.07.18"]
[Round "2"]
[White "Maltsevskaya, Aleksandra"]
[Black "Injac, Teodora"]
[Result "1-0"]
[WhiteElo "2294"]
[BlackElo "2305"]
[Annotator "NA"]
[PlyCount "81"]
[EventDate "2019.07.17"]
[EventType "team-tourn"]
[EventCountry "TUR"]
[SourceTitle "playchess.com"]
[Source "ChessBase"]
[SourceQuality "1"]
[TimeControl "40/5400+30:1800+30"]

1. d4 Nf6 2. c4 g6 3. Nc3 Bg7 4. e4 d6 5. Be2 O-O 6. Be3 c5 7. d5 a6 8. Nf3 b5 9. Qc2 bxc4 10. h3 Nbd7 11. Bxc4 Nb6 12. Be2 a5 13. O-O a4 14. Rfd1 Nfd7 15. Bb5 a3 16. b3 Ba6 17. Bc6 Ra7 18. Rab1 Nb8 19. e5 Nxc6 20. dxc6 Qc7 21. exd6 exd6 22. Ne4 Nc8 23. Nxd6 Qxc6 24. Nxc8 Rxc8 25. b4 Re7 26. bxc5 Ree8 27. Qb3 h6 28. Rd6 Qa8 29. Rxg6 Rb8 {[%emt 1:43:12]} 30. Rxg7+ {[%emt 1:43:37]} Kxg7 {[%emt 0:00:30]} 31. Qc3+ {[%emt 0:00:30]} Kh7 {[%emt 0:00:30]} 32. Rxb8 {[%emt 0:00:30]} Qxb8 {[%emt 0:00:30]} 33. Nh4 {[%emt 0:00:30]} Qb1+ {[%emt 0:00:30]} 34. Kh2 {[%emt 0:00:30]} Qxa2 {[%emt 0:00:30]} 35. Bxh6 {[%emt 0:00:30]} Qb2 {[%emt 0:00:30]} 36. Qf3 {[%emt 0:00:30]} Kxh6 {[%emt 0:00:30]} 37. Qxf7 {[%emt 0:00:30]} Qe5+ {[%emt 0:00:30]} 38. f4 {[%emt 0:00:30]} Qe6 {[%emt 0:00:30]} 39. Nf5+ {[%emt 0:00:30]} Qxf5 {[%emt 0:00:30]} 40. Qxf5 {[%emt 0:00:30]} Bc4 {[%emt 0:00:30]} 41. Qg5+ {[%emt 0:30:30]} 1-0

[Event "Turkish Super League 2019"]
[Site "Konya"]
[Date "2019.07.18"]
[Round "2"]
[White "Dogan, Nazmi Can"]
[Black "Unat, Can Haktan"]
[Result "1/2-1/2"]
[WhiteElo "2276"]
[BlackElo "2034"]
[Annotator "NA"]
[PlyCount "90"]
[EventDate "2019.07.17"]
[EventType "team-tourn"]
[EventCountry "TUR"]
[SourceTitle "playchess.com"]
[Source "ChessBase"]
[SourceQuality "1"]
[TimeControl "40/5400+30:1800+30"]

1. Nf3 Nf6 2. c4 g6 3. Nc3 d5 4. cxd5 Nxd5 5. e4 Nxc3 6. dxc3 Qxd1+ 7. Kxd1 f6 8. Kc2 e5 9. Bc4 Bd6 10. Be3 Ke7 11. Nd2 Nd7 12. b4 Rd8 13. Nb3 Nb6 14. Be2 Be6 15. Na5 Rab8 16. a3 c6 17. h4 h5 18. Rad1 Bc7 19. Rxd8 Kxd8 20. g4 hxg4 21. h5 g5 22. Nxb7+ Ke7 23. Nc5 Nc4 24. Bc1 Bf7 25. Bxg4 Bd6 26. Nb3 Nb6 27. Na5 Be8 28. c4 c5 29. b5 Ra8 30. Bf5 Bf7 31. Kc3 a6 {[%emt 1:43:08]} 32. h6 {[%emt 1:43:03]} axb5 {[%emt 0:00:30]} 33. cxb5 {[%emt 0:00:30]} Kf8 {[%emt 0:00:30]} 34. Nc6 {[%emt 0:00:00]} Na4+ {[%emt 0:01:58]} 35. Kc2 {[%emt 0:00:00]} Nb6 {[%emt 0:00:30]} 36. Rh3 {[%emt 0:00:00]} Bc4 {[%emt 0:00:30]} 37. h7 {[%emt 0:00:00]} Kg7 {[%emt 0:00:30]} 38. Na5 {[%emt 0:00:00]} Bxb5 {[%emt 0:00:30]} 39. Nb7 {[%emt 0:00:00]} Be7 {[%emt 0:00:30]} 40. Be3 {[%emt 0:00:00]} Na4 {[%emt 0:00:00]} 41. Rh1 {[%emt 0:11:57]} Rb8 {[%emt 0:05:54]} 42. Na5 {[%emt 0:03:30]} Rd8 {[%emt 0:05:30]} 43. Nb7 {[%emt 0:06:50]} Rb8 {[%emt 0:00:00]} 44. Na5 {[%emt 0:00:12]} Rd8 {[%emt 0:02:41]} 45. Nb7 {[%emt 0:02:20]} Rb8 {[%emt 0:02:21]} 1/2-1/2